Catalog

Record Details

Catalog Search



Dachau - die Stadt und das Konzentrationslager in der NS-Zeit : die Untersuchung einer Nachbarschaft / Sybille Steinbacher

Record details

  • ISBN: 3-631-46682-X
  • Physical Description: 289 s + 1 mapa
  • Edition: 2. Aufl
  • Publisher: Frankfurt am Main : Peter Lang, 1994

Content descriptions

Bibliography, etc. Note:
Bibliografie

Available copies

  • 1 of 1 copy available at Common Catalog SPOK.

Holds

  • 0 current holds with 1 total copy.
Show All Copies
Location Call Number / Copy Notes Barcode Shelving Location Status Due Date
Terezin Initiative Institute 232 4594300232 Knihovna ITI Available -

LDR 00672nam a2200205 a 4500
00125359
003CZ-PrJAB
00520220905044037.0
008020403s1994 gw gr 0 ger
020 . ‡a3-631-46682-X
035 . ‡a(CONS)159
035 . ‡a(CZ PrSKC)zmp000013614
040 . ‡aABE323 ‡bcze
080 . ‡a343
1001 . ‡aSteinbacher, Sybille, ‡d1966- ‡4aut
24510. ‡aDachau - die Stadt und das Konzentrationslager in der NS-Zeit : ‡bdie Untersuchung einer Nachbarschaft / ‡cSybille Steinbacher
250 . ‡a2. Aufl
260 . ‡aFrankfurt am Main : ‡bPeter Lang, ‡c1994
300 . ‡a289 s + ‡e1 mapa
4900 . ‡aMünchner Studien : zur neueren und neuesten Geschichte ; ‡vBd. 5
504 . ‡aBibliografie
8524 . ‡bJACH-ITI ‡bJACH-ITI ‡cKnihovna ITI ‡j232 ‡p232 ‡y$0.00
910 . ‡aABE340 ‡b232
995 . ‡askok
901 . ‡a25359 ‡bISxN ‡c25359 ‡tbiblio

Additional Resources